El 98 entre las armas y las letras / (Record no. 19048)

MARC details
000 -LEADER
campo de control de longitud fija 00721nam a2200217 i 4500
001 - NÚMERO DE CONTROL
campo de control 19048
003 - IDENTIFICADOR DE NÚMERO DE CONTROL
campo de control ES-MaACL
005 - FECHA Y HORA DE LA ÚLTIMA TRANSACCIÓN
campo de control 20250830222951.0
007 - CAMPO FIJO DE DESCRIPCIÓN FÍSICA--INFORMACIÓN GENERAL
campo de control de longitud fija t|
008 - DATOS DE LONGITUD FIJA--INFORMACIÓN GENERAL
campo de control de longitud fija 020529s1998 sp ||||1| spa d
080 ## - NÚMERO DE LA CLASIFICACIÓN DECIMAL UNIVERSAL
Número de la Clasificación Decimal Universal 821.134.2.09"18"
100 1# - ENTRADA PRINCIPAL--NOMBRE DE PERSONA
Nombre de persona Alonso, Cecilio.
9 (RLIN) 20194
245 13 - MENCIÓN DEL TÍTULO
Título El 98 entre las armas y las letras /
Mención de responsabilidad, etc. Cecilio Alonso.
260 ## - PUBLICACIÓN, DISTRIBUCIÓN, ETC.
Lugar de publicación, distribución, etc. [Sevilla :
Nombre del editor, distribuidor, etc. Real Academia Sevillana de Buenas Letras],
Fecha de publicación, distribución, etc. 1998.
300 ## - DESCRIPCIÓN FÍSICA
Extensión P. 215-253 ;
Dimensiones 23 cm.
595 ## -
-- Separata de: Boletín de la Real Academia Sevillana de Buenas Letras, n. 26.
650 ## - PUNTO DE ACCESO ADICIONAL DE MATERIA--TÉRMINO DE MATERIA
Término de materia o nombre geográfico como elemento de entrada Generación del 98 (Literatura)
9 (RLIN) 13051
650 #4 - PUNTO DE ACCESO ADICIONAL DE MATERIA--TÉRMINO DE MATERIA
Término de materia o nombre geográfico como elemento de entrada Guerra hispano-americana, 1898
9 (RLIN) 13207
852 ## - LOCALIZACIÓN
Ubicación ES-MaACL
Número de control de estantería 2168-F-2
Holdings
Estatus retirado Estado de pérdida Estado de daño No para préstamo Colección Biblioteca de origen Biblioteca actual Ubicación en estantería Fecha de adquisición Fuente de adquisición Total de préstamos Signatura topográfica completa Código de barras Visto por última vez Precio de reemplazo Tipo de ítem Koha
        Colección de folletos Biblioteca del Ateneo de Madrid Biblioteca del Ateneo de Madrid Depósito folletos 17/01/2008     2168-F-2 1019492 23/02/2023 23/02/2023 Folleto